Catalog

Record Details

Catalog Search



La bruja de Karen / una novela gráfica de Katy ... Read More

Martin, Ann M.,(creator.).
Farina, Katy,(author,, artist.). Martin, Ann M., 1955- Graphic novelization of (work) : Karen's witch. Spanish.(Added Author). ... Read More

Available copies

  • 0 of 2 copies available at LARL/NWRL Consortium. (Show)
  • 0 of 2 copies available at Lake Agassiz Regional Library.

Current holds

0 current holds with 2 total copies.

Show All Copies
Location Call Number / Copy Notes Barcode Shelving Location Status Due Date

Record details

  • ISBN: 9781338670134
  • ISBN: 1338670131
  • Physical Description: 139 pages : chiefly color illustrations ; 23 cm.
  • Publisher: New York : Graphix, un sello editorial de Scholastic, [2020]

Content descriptions

General Note:
"Basado en la novela de Ann M. Martin"--Cover.
Originally published in English as Baby-Sitters Little Sister #1: Karen's Witch.
Chiefly illustrations.
"Scholastic en español"--Cover.
Summary, etc.:
Karen Brewer's imagination gets the best of her ... Read More
Karen Brewer vive al lado de la Sra. Porter, quien ... Read More
Target Audience Note:
007-009.
Language Note:
In Spanish.
Subject: Brujas > Libros de caricaturas, tiras cómicas, etc.
Jardinería > Libros de caricaturas, tiras cómicas, etc.
Clubes > Libros de caricaturas, tiras cómicas, etc.
Muchachas > Libros de caricaturas, tiras cómicas, etc.
Amistad > Libros de caricaturas, tiras cómicas, etc.
Familia > Libros de caricaturas, tiras cómicas, etc.
Witches > Comic books, strips, etc.
Witches > Juvenile fiction.
Gardening > Comic books, strips, etc.
Gardening > Juvenile fiction.
Clubs > Comic books, strips, etc.
Clubs > Juvenile fiction.
Girls > Comic books, strips, etc.
Girls > Juvenile fiction.
Friendship > Comic books, strips, etc.
Friendship > Juvenile fiction.
Families > Comic books, strips, etc.
Families > Juvenile fiction.
Witches > Fiction.
Gardening > Fiction.
Clubs > Fiction.
Girls > Fiction.
Friendship > Fiction.
Family life > Fiction.
Families > Fiction.
Clubs
Families
Friendship
Gardening
Girls
Witches
Brujas > Muñequitos, tiras cómicas, etc.
Jardinería > Muñequitos, tiras cómicas, etc.
Clubes > Muñequitos, tiras cómicas, etc.
Muchachas > Muñequitos, tiras cómicas, etc.
Amistad > Muñequitos, tiras cómicas, etc.
Familia > Muñequitos, tiras cómicas, etc.
Genre: Juvenile works.
Fiction.
Spanish language materials.
Novelas gráficas.
Comics (Graphic works)
Graphic novel adaptations
Graphic novels
Graphic novels.
Graphic novels.
Comics (Graphic works)
Graphic novel adaptations.
Materials en espanol.
LDR 05190cam a2201117 i 4500
001384236
003LARL_NWRL_CONSORTIUM
00520220216165334.0
008200828s2020 nyua j 6 000 1 spa d
040 . ‡aFM0 ‡beng ‡erda ‡cFM0 ‡dFM0 ‡dCHILD ‡dOQX ‡dOCLCF ‡dSDG ‡dOCLCO ‡dIMD ‡dQS3 ‡dOCLCO ‡dORX ‡dOCLCO ‡dJTH ‡dOCLCO ‡dDZM ‡dYDX ‡dOEL ‡dOCL ‡dOCLCO ‡dJQW
019 . ‡a1129163877
020 . ‡a9781338670134 ‡q(softcover)
020 . ‡a1338670131 ‡q(softcover)
035 . ‡a(OCoLC)1191230348 ‡z(OCoLC)1129163877
0411 . ‡aspa ‡heng
08214. ‡a741.5 ‡223
1001 . ‡aMartin, Ann M., ‡ecreator.
24010. ‡aKaren's witch. ‡lSpanish
24513. ‡aLa bruja de Karen / ‡cuna novela gráfica de Katy Farina ; con color de Braden Lamb ; [translated by Juan Pablo Lombana].
2461 . ‡iAt head of title: ‡aAnn M. Martin
264 1. ‡aNew York : ‡bGraphix, un sello editorial de Scholastic, ‡c[2020]
264 4. ‡3Original text: ‡c©2020
264 4. ‡3Translation: ‡c©2020
300 . ‡a139 pages : ‡bchiefly color illustrations ; ‡c23 cm.
336 . ‡atext ‡btxt ‡2rdacontent
336 . ‡astill image ‡bsti ‡2rdacontent
337 . ‡aunmediated ‡bn ‡2rdamedia
338 . ‡avolume ‡bnc ‡2rdacarrier
4900 . ‡aHermanita de las niñeras la novela gráfica ; ‡v1
4900 . ‡aBaby-sitters little sister graphic novel ; ‡v1
546 . ‡aIn Spanish.
500 . ‡a"Basado en la novela de Ann M. Martin"--Cover.
500 . ‡aOriginally published in English as Baby-Sitters Little Sister #1: Karen's Witch.
500 . ‡aChiefly illustrations.
500 . ‡a"Scholastic en español"--Cover.
520 . ‡aKaren Brewer's imagination gets the best of her when she decides that her neighbor, Mrs. Porter--who has wild gray hair, wears black robes, and has a garden full of mysterious herbs--must be a witch.
520 . ‡aKaren Brewer vive al lado de la Sra. Porter, quien usa vestidos largos y tiene el cabello gris y salvaje. La Sra. Porter tiene un gato negro llamado Medianoche y siempre está trabajando en su jardín. Karen no debería espiar a la vecina, ¡pero está decidida a probar que la Sra. Porter es una bruja llamada Mórbida Destino!
5211 . ‡a007-009.
650 7. ‡aBrujas ‡vLibros de caricaturas, tiras cómicas, etc. ‡2bidex
650 7. ‡aJardinería ‡vLibros de caricaturas, tiras cómicas, etc. ‡2bidex
650 7. ‡aClubes ‡vLibros de caricaturas, tiras cómicas, etc. ‡2bidex
650 7. ‡aMuchachas ‡vLibros de caricaturas, tiras cómicas, etc. ‡2bidex
650 7. ‡aAmistad ‡vLibros de caricaturas, tiras cómicas, etc. ‡2bidex
650 7. ‡aFamilia ‡vLibros de caricaturas, tiras cómicas, etc. ‡2bidex
650 0. ‡aWitches ‡vComic books, strips, etc.
650 0. ‡aWitches ‡vJuvenile fiction. ‡0(LARL_NWRL_CONSORTIUM)168005
650 0. ‡aGardening ‡vComic books, strips, etc.
650 0. ‡aGardening ‡vJuvenile fiction.
650 0. ‡aClubs ‡vComic books, strips, etc.
650 0. ‡aClubs ‡vJuvenile fiction.
650 0. ‡aGirls ‡vComic books, strips, etc.
650 0. ‡aGirls ‡vJuvenile fiction. ‡0(LARL_NWRL_CONSORTIUM)169117
650 0. ‡aFriendship ‡vComic books, strips, etc.
650 0. ‡aFriendship ‡vJuvenile fiction. ‡0(LARL_NWRL_CONSORTIUM)164914
650 0. ‡aFamilies ‡vComic books, strips, etc.
650 0. ‡aFamilies ‡vJuvenile fiction. ‡0(LARL_NWRL_CONSORTIUM)164956
650 1. ‡aWitches ‡vFiction. ‡0(LARL_NWRL_CONSORTIUM)168002
650 1. ‡aGardening ‡vFiction. ‡0(LARL_NWRL_CONSORTIUM)165405
650 1. ‡aClubs ‡vFiction. ‡0(LARL_NWRL_CONSORTIUM)171514
650 1. ‡aGirls ‡vFiction. ‡0(LARL_NWRL_CONSORTIUM)165389
650 1. ‡aFriendship ‡vFiction. ‡0(LARL_NWRL_CONSORTIUM)164944
650 1. ‡aFamily life ‡vFiction.
650 1. ‡aFamilies ‡vFiction. ‡0(LARL_NWRL_CONSORTIUM)164942
650 7. ‡aClubs ‡2fast ‡0(LARL_NWRL_CONSORTIUM)17033
650 7. ‡aFamilies ‡2fast ‡0(LARL_NWRL_CONSORTIUM)19934
650 7. ‡aFriendship ‡2fast ‡0(LARL_NWRL_CONSORTIUM)20818
650 7. ‡aGardening ‡2fast ‡0(LARL_NWRL_CONSORTIUM)20961
650 7. ‡aGirls ‡2fast ‡0(LARL_NWRL_CONSORTIUM)21250
650 7. ‡aWitches ‡2fast ‡0(LARL_NWRL_CONSORTIUM)38791
650 7. ‡aBrujas ‡vMuñequitos, tiras cómicas, etc. ‡2qlsp
650 7. ‡aJardinería ‡vMuñequitos, tiras cómicas, etc. ‡2qlsp
650 7. ‡aClubes ‡vMuñequitos, tiras cómicas, etc. ‡2qlsp
650 7. ‡aMuchachas ‡vMuñequitos, tiras cómicas, etc. ‡2qlsp
650 7. ‡aAmistad ‡vMuñequitos, tiras cómicas, etc. ‡2qlsp
650 7. ‡aFamilia ‡vMuñequitos, tiras cómicas, etc. ‡2bidex
655 7. ‡aJuvenile works. ‡2fast
655 7. ‡aFiction. ‡2fast
655 0. ‡aSpanish language materials.
655 7. ‡aNovelas gráficas. ‡2bidex
655 7. ‡aComics (Graphic works) ‡2fast
655 7. ‡aGraphic novel adaptations ‡2fast
655 7. ‡aGraphic novels ‡2fast
655 7. ‡aGraphic novels. ‡2gsafd
655 7. ‡aGraphic novels. ‡2lcgft
655 7. ‡aComics (Graphic works) ‡2lcgft
655 7. ‡aGraphic novel adaptations. ‡2lcgft
655 7. ‡aMaterials en espanol. ‡2qlsp
7001 . ‡aFarina, Katy, ‡eauthor, ‡eartist.
7001 . ‡iGraphic novelization of (work) : ‡aMartin, Ann M., ‡d1955- ‡tKaren's witch. ‡lSpanish.
7001 . ‡aLamb, Braden, ‡ecolorist.
7001 . ‡aLombana, Juan Pablo, ‡d1966- ‡etranslator.
905 . ‡uvanderl
901 . ‡a384236 ‡b ‡c384236 ‡tbiblio ‡soclc

Additional Resources